Normal view MARC view
  • White, John A.,

Entry Personal Name

Number of records used in: 2

001 - CONTROL NUMBER

  • control field: 25386

003 - CONTROL NUMBER IDENTIFIER

  • control field: NUST

005 - DATE AND TIME OF LATEST TRANSACTION

  • control field: 20191107135344.0

008 - FIXED-LENGTH DATA ELEMENTS

  • fixed length control field: 191107|| aca||aabn | a|a d

040 ## - CATALOGING SOURCE

  • Original cataloging agency: NUST
  • Transcribing agency: NUST

100 ## - HEADING--PERSONAL NAME

  • Personal name: White, John A.,
  • Dates associated with a name: 1939-

670 ## - SOURCE DATA FOUND

  • Source citation: Work cat.: (NUST)0: White, John A., 1939-, Principles of engineering economic analysis /, c1984.
© 2023 Central Library, National University of Sciences and Technology. All Rights Reserved.